书目信息 |
| 书名: | David C.Lohff's Dream Directory | |
| 作者: | Analysis and Interpretation | |
| 分册号: | ||
| 分册名: | 出版地: | South Twenty second Street |
|
| 出版社: | PHILADELPHIA.LONDON | |
| 出版时间: | 2010 | |
| 页数: | 320p | |
| 开本: | 20cm | |
| 丛书名: | ||
| 中图分类号: | ||
| 科图分类号: | ||
| 其他分类号: | E19 | |
| 主题词: | ||
| 电子资源: | ||
| 000 | 00560nam0 2200193 450 | |
| 001 | 012012175192 | |
| 005 | 20121115154431.0 | |
| 008 | 20021229d1997 em y0chiy0121 ea | |
| 020 | @a978-0-7624-1962-3@c$9.95 | |
| 041 | @aeng | |
| 091 | @aE19 | |
| 099 | @dE19@eA5325 | |
| 100 | @aAnalysis and Interpretation | |
| 245 | 10 | @aDavid C.Lohff's Dream Directory @cAnalysis and Interpretation |
| 260 | @aSouth Twenty second Street@bPHILADELPHIA.LONDON@c2010 | |
| 300 | @a320p@c20cm | |
| 521 | @aDavid C.Lohff's Dream Directory | |
| 905 | @b11625 | |
| 905 | @aTSG@dE19@eA5325 | |
| David C.Lohff's Dream Directory / Analysis and Interpretation.-South Twenty second Street : PHILADELPHIA.LONDON , 2010 |
| 320p ; 20cm |
| David C.Lohff's Dream Directory |
| ISBN 978-0-7624-1962-3$9.95 |
| ● |
| 相关链接 |
|
|
|
正题名:David C.Lohff's Dream Directory
索取号:E19/A5325
 
预约/预借
| 序号 | 登录号 | 条形码 | 馆藏地/架位号 | 状态 | 备注 |